000 00615cam a22002173a 4500
001 40294
003 PGUSA
005 20140828083912.0
008 120722s2012||||xxu|||||s|||||000 | eng d
040 _aPGUSA
_beng
042 _adc
100 1 _aBarrès, Maurice,
_d1862-1923
245 1 0 _aDer Mord an der Jungfrau
_h[electronic resource] /
_cMaurice Barrès
260 _bProject Gutenberg,
_c2012
506 _aPublic domain in the USA.
516 _aElectronic text
700 1 _aLautensack, Heinrich
830 0 _aProject Gutenberg
_v40294
856 4 0 _uhttp://www.gutenberg.org/ebooks/40294
942 _cEB
999 _c269547
_d269547